Catálogo público

Composteo de cachaza de caña de azúcar/ (Record no. 209362)

MARC details
000 -CABECERA
campo de control de longitud fija 03488nam a2200421 a 4500
001 - NÚMERO DE CONTROL
campo de control dia_3639
003 - IDENTIFICADOR DEL NÚMERO DE CONTROL
campo de control CHAP
005 - FECHA Y HORA DE LA ÚLTIMA TRANSACCIÓN
campo de control 20250430121310.0
007 - CAMPO FIJO DE DESCRIPCIÓN FÍSICA--INFORMACIÓN GENERAL
campo de control de longitud fija ta
008 - DATOS DE LONGITUD FIJA--INFORMACIÓN GENERAL
campo de control de longitud fija 220601s2005 mx ad frm 001 0 spa d
040 ## - FUENTE DE LA CATALOGACIÓN
Centro catalogador/agencia de origen mxchpua
Centro/agencia transcriptor CHAP
041 0# - CÓDIGO DE LENGUA
Código de lengua del texto/banda sonora o título independiente spa
Código de lengua del sumario o resumen eng
090 ## - LOCALMENTE ASIGNADO TIPO-LC NÚMERO DE CLASIFICACIÓN (OCLC); NÚMERO DE CLASIFICACIÓN LOCAL (RLIN)
Número de clasificación (OCLC) (R) ; Numero de clasificación, CALL (RLIN) (NR) Tesis
Número cutter local (OCLC) ; Número de libro/Signatura topográfica íntegra, CALL (RLIN) F45
año 2005
100 1# - ENTRADA PRINCIPAL--NOMBRE DE PERSONA
Nombre de persona Félix Blanco, Alvaro
240 10 - TÍTULO UNIFORME
Título uniforme Compostinig of sugar cane mud (Filter cake).
Lenguaje de la obra Español
245 10 - MENCIÓN DE TÍTULO
Título Composteo de cachaza de caña de azúcar/
Mención de responsabilidad, etc. Álvaro Félix Blanco y Lucia Isabel Garduño Zarco
264 ## - PRODUCCIÓN, PUBLICACIÓN, DISTRIBUCIÓN, FABRICACIÓN Y COPYRIGHT
Producción, publicación, distribución, fabricación y copyright Chapingo, México :
Nombre del de productor, editor, distribuidor, fabricante El autor,
Fecha de producción, publicación, distribución, fabricación o copyright 2005
300 ## - DESCRIPCIÓN FÍSICA
Extensión 75 hojas :
Otras características físicas ilustraciones, tablas, gráficas
336 ## - TIPO DE CONTENIDO
Fuente rdacontent
Término de tipo de contenido texto
Código de tipo de contenido txt
337 ## - TIPO DE MEDIO
Fuente rdamedia
Nombre/término del tipo de medio no mediado
Código del tipo de medio n
338 ## - TIPO DE SOPORTE
Fuente rdacarrier
Nombre/término del tipo de soporte volumen
Código del tipo de soporte nc
502 ## - NOTA DE TESIS
Nota de tesis Tesis
Tipo de título (Ingeniero Agroindustrial) --
Nombre de la institución que otorga el título UACh. Departamento de Ingeniería Agroindustrial,
Año de obtención del título 2005
504 ## - NOTA DE BIBLIOGRAFÍA, ETC.
Nota de bibliografía, etc. Bibliografía : hojas 61-68
520 3# - SUMARIO, ETC.
Sumario, etc. El estudio consistió en la elaboración de composta a partir de cachaza subproducto de la caña de azúcar (Saccharum officinarum L.). El diseño experimental consistió en cuatro tratamientos: cachaza + 0.4%, 0.6% y 0.8% de urea mas un testigo (cachaza sin urea), con tres repeticiones, el modelo estadistico fue completamente . Durante el tiempo de composteo se analizaron las características fisico-químicas (pH, temperatura, humedad, relación C/N)y microbiológicas (coliformes totales y fecales, bacterias mesófilas y termófilas aerobias y Salmonella). Adicionalmente se evaluó el rendimiento de la composta. Los resultados indican que ocho semanas de composteo son suficientes para obtener una composta estable desde el punto de vista fisico- químico y microbiológico. EI tratamiento 2 (0.4% urea) presentó la mejor relación C/N con 51.29, sin embargo, no hubo diferencias significativas (α=0.05). No se detectó Salmonella en las compostas y el rendimiento fue de 53.91% en promedio para los tratamientos analizados.
520 3# - SUMARIO, ETC.
Sumario, etc. This study consist in compost elaboration of cane mud (filter cake), sub product ofsugar cane (Saccharum officinarum L.), Experimental had four treatments: cane mud (filter cake) plus 0.4%, 0.6% and 0.8% urea and one witness (cane mud filter cake without urea), with three repetitions. Statistical model was completely at random. During the composting time physic-chemical characteristics were analyzed:(pH, temperature, moist content, C/N ratio) and microbiological(total and fecal coliforms, mesophilic and thermophilic aerobic bacteria and Salmonella) Efficiency of compost was not evaluated. Results show that eight weeks composting were sufficient to obtain physic-chemical and microbiological stable compost. Treatment 2 (0.4% urea) show the best C/N ratio of 51.29, however, there was significative differences (α=0.05). Salmonella was not detected in compost and eficiency was 53.91% average for the analyzed treatments
650 13 - PUNTO DE ACCESO ADICIONAL DE MATERIA--TÉRMINO DE MATERIA
Término de materia o nombre geográfico como elemento de entrada Compostes
Fuente del encabezamiento o término atg
Subdivisión general Residuos de plantas
650 13 - PUNTO DE ACCESO ADICIONAL DE MATERIA--TÉRMINO DE MATERIA
Término de materia o nombre geográfico como elemento de entrada Caña de azúcar
Fuente del encabezamiento o término atg
Subdivisión general Residuos de plantas
650 13 - PUNTO DE ACCESO ADICIONAL DE MATERIA--TÉRMINO DE MATERIA
Término de materia o nombre geográfico como elemento de entrada Composts
Fuente del encabezamiento o término atg
Subdivisión general Plant residues
650 13 - PUNTO DE ACCESO ADICIONAL DE MATERIA--TÉRMINO DE MATERIA
Término de materia o nombre geográfico como elemento de entrada Sugarcane
Fuente del encabezamiento o término atg
Subdivisión general Plant residues
700 1# - PUNTO DE ACCESO ADICIONAL--NOMBRE DE PERSONA
Nombre de persona Garduño Zarco, Lucia Isabel
Término indicativo de función/relación autor
700 1# - PUNTO DE ACCESO ADICIONAL--NOMBRE DE PERSONA
Nombre de persona Leyva Ruelas, Gabriel
Término indicativo de función/relación director
700 1# - PUNTO DE ACCESO ADICIONAL--NOMBRE DE PERSONA
Nombre de persona García Chávez, Luis Ramiro
Término indicativo de función/relación asesor
700 1# - PUNTO DE ACCESO ADICIONAL--NOMBRE DE PERSONA
Nombre de persona Suárez Espinosa, Carlos
Término indicativo de función/relación asesor
901 ## - ELEMENTOS DE DATOS A LOCAL LDA (RLIN)
a TESIS F45 2005
942 ## - ELEMENTOS DE PUNTO DE ACCESO ADICIONAL (KOHA)
Tipo de ítem Koha TESIS
Fuente del sistema de clasificación o colocación Clasificación Universidad Autónoma Chapingo
902 ## - ELEMENTOS DE DATOS B LOCAL, LDB (RLIN)
a M
905 ## - ELEMENTOS DE DATOS E LOCAL, LDE (RLIN)
a 0000002005 mx 0000000000spa00
Holdings
Estado de retiro Estado de pérdida Fuente del sistema de clasificación o colocación Estado dañado Restricciones de uso No para préstamo Código de colección Localización permanente Ubicación/localización actual Fecha de adquisición Fuente de adquisición Total de préstamos Signatura topográfica completa Código de barras Fecha visto por última vez Número de copia Precio válido a partir de Tipo de ítem Koha
    Clasificación Universidad Autónoma de Chapingo   Préstamo interno   Tesis Ingenieria Agroindustrial Ingenieria Agroindustrial 11/04/2025 El autor   Tesis F45 2005 1101015353 02/02/2026 Ej.1 11/04/2025 Tesis
    Clasificación Universidad Autónoma de Chapingo   Préstamo 5 días   Tesis Ingenieria Agroindustrial Ingenieria Agroindustrial 11/04/2025 El autor   Tesis F45 2005 1101015354 02/02/2026 Ej.2 11/04/2025 Tesis